| 000 | 00477nam a2200217Ia 4500 | ||
|---|---|---|---|
| 001 | 21644 | ||
| 003 | GE_BSU | ||
| 008 | 181216s||||||||xx |||||||||||||| ||und|| | ||
| 040 | _cGE_BSU | ||
| 080 | _a811.112 | ||
| 100 | _aGorodnikova, М. | ||
| 245 | _aDeutsche Lexikologie | ||
| 260 | _a? | ||
| 260 | _b? | ||
| 260 | _c? | ||
| 300 | _a164p. 20cm. | ||
| 541 | _h4 ლ. | ||
| 653 | _aDeutsche Lexikologie | ||
| 653 | _aგერმანული ენა | ||
| 942 | _cBK | ||
| 999 |
_c54578 _d54578 |
||